|
|
|
|
| LEADER |
00669nam a2200217Ia 4500 |
| 008 |
140316s9999 xx 000 0 und d |
| 020 |
|
|
|a 9788183871211
|
| 082 |
|
|
|a 363.348
|b MAM/GE
|
| 100 |
|
|
|a Mahatma,Swain
|
| 245 |
|
|
|a Gender perspective in disaster management
|
| 250 |
|
|
|a 1
|
| 260 |
|
|
|a New Delhi
|b Serials Publications
|c 2007
|
| 300 |
|
|
|a 294
|
| 650 |
|
|
|a Earthquake
|
| 650 |
|
|
|a Tsunami
|
| 700 |
|
|
|a Jagannath,Lenka
|
| 700 |
|
|
|a Mamata,Swain
|
| 700 |
|
|
|a Minati,Mallick
|
| 942 |
|
|
|2 ddc
|c BK
|
| 999 |
|
|
|c 7795
|d 7795
|
| 952 |
|
|
|0 0
|1 0
|2 ddc
|4 0
|6 363_348000000000000_MAMGE
|7 0
|9 8960
|a KAUCLV
|b KAUCLV
|c GENERAL
|d 2014-03-18
|o 363.348 MAM/GE
|p 215825
|r 2014-03-18
|w 2014-03-18
|y BK
|